书目信息 |
| 题名: |
压电学
|
|
| 作者: | 张福学 , 孙慷 主编 | |
| 分册: | 下册 | |
| 出版信息: | 北京 国防工业出版社 1984 |
|
| 页数: | 676页 | |
| 开本: | 20cm | |
| 丛书名: | ||
| 单 册: | ||
| 中图分类: | O738 | |
| 科图分类: | ||
| 主题词: | 晶体-压电效应 , 压电效应-晶体 | |
| 电子资源: | ||
| ISBN: | ||
| 000 | 00687nam0 2200265 45 | |
| 001 | 0184001814 | |
| 005 | 20040520113153.8 | |
| 010 | @dCNY2.60 | |
| 091 | @a5034.2669 | |
| 100 | @a19951109d1984 em y0chiy0121 ea | |
| 101 | 0 | @achi |
| 102 | @aCN@b110000 | |
| 105 | @ay z 000yy | |
| 106 | @ar | |
| 200 | 10 | @a压电学@h下册@Aya dian xue@f张福学,孙慷主编 |
| 210 | @a北京@c国防工业出版社@d1984 | |
| 215 | @a676页@d20cm | |
| 606 | @a晶体-压电效应 | |
| 606 | @a压电效应-晶体 | |
| 690 | @aO738@v3 | |
| 701 | 0 | @a张福学@4主编@Azhang fu xue |
| 701 | 0 | @a孙慷@4主编@Asun kang |
| 801 | 0 | @aCN@b深圳图书馆@c20040520 |
| 801 | 2 | @aCN@bNLC@c20040520 |
| 905 | @f2@b121807-808@dO738@e2:2 | |
| 压电学.下册/张福学,孙慷主编.-北京:国防工业出版社,1984 |
| 676页;20cm |
| ISBN :CNY2.60 |
| ● |
| 相关链接 |
|
|
|
|
正题名:压电学
索取号:O738/2:2
 
预约/预借
| 序号 | 登录号 | 条形码 | 馆藏地/架位号 | 状态 | 备注 |
| 1 | 0121807 | 000627575 | 第三借阅区/ [索取号:O738/2:2] | 在馆 | |
| 2 | 0121808 | 000627584 | 第三借阅区/ [索取号:O738/2:2] | 在馆 | |
| 3 | 0121809 | 202101055 | 第二样本阅览室/ [索取号:O738/2:2] | 在馆 |